Introduction to nursing research : (Record no. 5594)

MARC details
000 -LEADER
fixed length control field 00980cam a2200289 a 4500
001 - CONTROL NUMBER
control field 17443903
003 - CONTROL NUMBER IDENTIFIER
control field OSt
005 - DATE AND TIME OF LATEST TRANSACTION
control field 20170228170631.0
008 - FIXED-LENGTH DATA ELEMENTS--GENERAL INFORMATION
fixed length control field 120828s2012 enka b 001 0 eng
010 ## - LIBRARY OF CONGRESS CONTROL NUMBER
LC control number 2012405932
020 ## - INTERNATIONAL STANDARD BOOK NUMBER
International Standard Book Number 9781444119909 (pbk.)
020 ## - INTERNATIONAL STANDARD BOOK NUMBER
International Standard Book Number 1444119907 (pbk.)
040 ## - CATALOGING SOURCE
Original cataloging agency DLC
Transcribing agency DLC
Modifying agency DLC
042 ## - AUTHENTICATION CODE
Authentication code pcc
082 ## - DEWEY DECIMAL CLASSIFICATION NUMBER
Classification number WY 20.5
Item number L46n 2013
100 1# - MAIN ENTRY--PERSONAL NAME
Personal name Le May, Andree.
9 (RLIN) 11684
245 10 - TITLE STATEMENT
Title Introduction to nursing research :
Remainder of title developing research awareness /
Statement of responsibility, etc. Andree Le May, Susan Holmes.
260 ## - PUBLICATION, DISTRIBUTION, ETC. (IMPRINT)
Place of publication, distribution, etc. London :
Name of publisher, distributor, etc. Hodder Arnold,
Date of publication, distribution, etc. 2012.
300 ## - PHYSICAL DESCRIPTION
Extent vii, 149 p. :
Other physical details ill. ;
Dimensions 24 cm.
504 ## - BIBLIOGRAPHY, ETC. NOTE
Bibliography, etc Includes bibliographical references and index.
650 #0 - SUBJECT ADDED ENTRY--TOPICAL TERM
Topical term or geographic name as entry element Nursing
General subdivision Research.
9 (RLIN) 11685
650 #0 - SUBJECT ADDED ENTRY--TOPICAL TERM
Topical term or geographic name as entry element Nursing
General subdivision Research
-- Methodology.
9 (RLIN) 11686
700 1# - ADDED ENTRY--PERSONAL NAME
Personal name Holmes, Susan.
9 (RLIN) 11687
906 ## - LOCAL DATA ELEMENT F, LDF (RLIN)
a 7
b cbc
c origres
d 2
e ncip
f 20
g y-gencatlg
942 ## - ADDED ENTRY ELEMENTS (KOHA)
Source of classification or shelving scheme Other/Generic Classification Scheme
Koha item type Open Shelf
Holdings
Withdrawn status Lost status Source of classification or shelving scheme Damaged status Not for loan Home library Current library Date acquired Source of acquisition Inventory number Total Checkouts Full call number Barcode Date last seen Price effective from Koha item type
    Other/Generic Classification Scheme     MUST Main Library MUST Main Library 28/02/2017   2014/37610   WY 20.5 L46n 2013 2017-0277 28/02/2017 28/02/2017 Open Shelf
    Other/Generic Classification Scheme     MUST Main Library MUST Main Library 27/03/2017   2014/37611   WY 20.5 L46n 2013 2017-0634 27/03/2017 27/03/2017 Open Shelf
    Other/Generic Classification Scheme     MUST Main Library MUST Main Library 27/03/2017   2014/37612   WY 20.5 L46n 2013 2017-0635 27/03/2017 27/03/2017 Open Shelf